| 000 | 00540nam a2200193 a 4500 | ||
|---|---|---|---|
| 005 | 20140310183525.0 | ||
| 008 | 110930s19uu xx 00 eng d | ||
| 020 | _a9780321666215 | ||
| 050 |
_aHD 75.6 _b.T54 2010 |
||
| 100 | _aTietenberg, Tom | ||
| 245 |
_aEnvironmental economics and policy / _cTom Tietenberg and Lynne Lewis. |
||
| 250 | _a6th ed. | ||
| 260 |
_aBoston : _bPearson, _c2010. |
||
| 300 |
_a536 p. : _bill. ; _c24 cm. |
||
| 521 | _aBSBA | ||
| 650 | _aEnvironmental economics | ||
| 942 |
_cBK _2lcc _kFOR |
||
| 999 |
_c24490 _d24490 |
||